000 00464nam a22001817a 4500
003 NUST - PNEC
005 20170116181030.0
008 150919b xxu||||| |||| 00| 0 eng d
020 _a020106894X
040 _cLIBRARY
082 _a536.7SEA
100 _911053
_aSears,
245 _aThermodynamics, kinetic theory, and statistical thermodynamics
_cSears,
250 _a3rd th
260 _cc1975.
650 _911056
_aThermodynamics
_xME
942 _2ddc
_cBK
999 _c67718
_d67718